00521nam a2200193Ii 450000100060000000300090000600800410001502000150005604000330007104100080010408200160011210000290012824500380015726400390019530000120023433600260024633700280027233800270030011746CO-ViMGA241108s9999||||xx |||||||||||||| ||und|| a8428317356 aCO-ViMGAbspaerdacCO-ViMGA0 aspa04a070.4 A283l1 aOctavio Aguilera Perello10aLas ideologías en el periodismo 1aMadrid, España : Paraninfo, 1991 avolumen atextbtxt2rdacontent aunmediatedbn2rdamedia avolumebnc2rdacarrier